| 000 | 00596nam a22001937a 4500 | ||
|---|---|---|---|
| 005 | 20251108171848.0 | ||
| 008 | 250721s1977 xx 000 0 ara d | ||
| 082 | 1 | 4 | _aط/372.62/شير |
| 100 | 1 | _aالخطيب، شيرين أحمد | |
| 245 | 1 | 0 | _aكتاب الصور الأول / |
| 264 | 1 |
_aبيروت : _bمكتبة لبنان، _c1977. |
|
| 300 | _a50ص : مص | ||
| 490 | 0 | _aكتب ليدبيرد ، 1 | |
| 650 | 1 | 7 | _aلغة عربية |
| 650 | 1 | 7 | _aدراسة و تدريس |
| 653 | _aاطفال ما قبل المدرسة (0-5) سنوات | ||
| 942 |
_2ddc _cBK |
||
| 999 |
_c64529 _d64529 |
||